Koniec aljašskej divy ? politický pád alebo príprava na znovuzrodenie ?

Republikánska kandidátka na post viceprezidenta USA z posledných volieb, aljašská guvernérka Sarah Palinová neočakávane oznámila rezignáciu na svoju funkciu. Spustila tak lavínu dohadov o motívoch tohto kroku. Niektorí uvažujú o Palinovej definitívnom politickom konci, druhá skupina hovorí o strateg...

Full description

Saved in:
Bibliographic Details
Main Author: Grančay, Martin, 1984-2024
Format: Book Chapter
Language:Slovak
Subjects:
Tags: Add Tag
No Tags, Be the first to tag this record!

MARC

LEADER 00000naa$a2200000$$$4500
001 0101639
005 20240502072116.5
041 0 |a slo 
044 |a SK 
245 1 0 |a Koniec aljašskej divy ?  |b politický pád alebo príprava na znovuzrodenie ?  |c Martin Grančay 
520 |a Republikánska kandidátka na post viceprezidenta USA z posledných volieb, aljašská guvernérka Sarah Palinová neočakávane oznámila rezignáciu na svoju funkciu. Spustila tak lavínu dohadov o motívoch tohto kroku. Niektorí uvažujú o Palinovej definitívnom politickom konci, druhá skupina hovorí o strategickom kroku v predpríprave na prezidentské voľvy 2012. 
610 2 0 |a osobnosť 
610 2 0 |a USA 
610 2 0 |a 2009 
100 1 |a Grančay, Martin, 1984-2024